Composition - Finale LDC 2018 : Real Madrid - Liverpool - Statistiques

Statistiques générales
  • Ce quiz a été pris 1 846 fois
  • Le résultat moyen est 23 sur 29
Statistiques - réponses
Joueurs % Correct
Cristiano Ronaldo
98%
Karim Benzema
98%
Luka Modric
97%
Mohamed Salah
97%
Keylor Navas
96%
Sergio Ramos
96%
Toni Kroos
96%
Daniel Carvajal
95%
Sadio Mané
95%
Gareth Bale
94%
Marcelo
94%
Raphaël Varane
93%
Virgil Van Dijk
92%
Roberto Firmino
91%
Casemiro
89%
Trent Alexander-Arnold
89%
Andrew Robertson
88%
Isco
82%
Loris Karius
80%
Zinédine Zidane
77%
Jordan Henderson
75%
Jürgen Klopp
73%
Nacho Fernandez
62%
James Milner
61%
Marco Asensio
59%
Georginio Wijnaldum
50%
Dejan Lovren
44%
Adam Lallana
18%
Emre Can
11%
Aucun quiz correspondant
Distribution des résultats
% des personnes avec chaque résultat
Percentile par nombre de réponses
Votre historique - résultats
Vous n’avez pas pris ce quiz